000 00466nam a2200169Ia 4500
008 121031t2001 xxu||||| |||| 00| 0 sin d
041 _asin
080 _aX8S1
_bTHO
100 _aSena Thoradeniya
245 _aනැගී සිටුව මල් බෑයෙනි
246 _aNegi Situva Mal Beyeni
260 _bS.Godage Samagama
_aColombo 10
_c2001
300 _b73p., 22 cm
942 _cBK
999 _c75535
_d75535
003 LK-CoDNM
040 _aLK-CoDNM
_dLK-CoDNM
_eLK-CoDNM